The minister and his work. (Record no. 9018)

000 -LEADER
fixed length control field 00522nam a2200181 a 4500
001 - CONTROL NUMBER
control field :::00006799$&:&@@
003 - CONTROL NUMBER IDENTIFIER
control field OkBaRHE
005 - DATE AND TIME OF LATEST TRANSACTION
control field 20000607103333.0
008 - FIXED-LENGTH DATA ELEMENTS--GENERAL INFORMATION
fixed length control field s1945 j 000 0 eng u
040 ## - CATALOGING SOURCE
Transcribing agency
100 1# - MAIN ENTRY--PERSONAL NAME
Personal name Ward, A. G.
245 14 - TITLE STATEMENT
Title The minister and his work.
260 ## - PUBLICATION, DISTRIBUTION, ETC. (IMPRINT)
Place of publication, distribution, etc Springfield, MO.,
Name of publisher, distributor, etc Gospel Publishing House
Date of publication, distribution, etc c1945
300 ## - PHYSICAL DESCRIPTION
Extent 123 p. ;
Dimensions 19 cm.
650 ## - SUBJECT ADDED ENTRY--TOPICAL TERM
Topical term or geographic name as entry element Ministry
942 ## - ADDED ENTRY ELEMENTS (KOHA)
Source of classification or shelving scheme
Koha item type Books
Copies
Source of classification or shelving scheme Not for loan Date acquired Barcode Full call number Copy number Koha item type Withdrawn status Lost status Date last seen Permanent Location Shelving location Price effective from Damaged status
  2010-04-146799BV 600 .W31Books  2010-04-14RHEMA Bible Training CollegeGeneral Stacks2010-04-14